The coal-fields and coal industry of eastern Canada, (Record no. 25776)
[ view plain ]
| 000 -LEADER | |
|---|---|
| fixed length control field | 00817cam a22002411 4500 |
| 001 - CONTROL NUMBER | |
| control field | gs 17000334 |
| 003 - CONTROL NUMBER IDENTIFIER | |
| control field | DLC |
| 005 - DATE AND TIME OF LATEST TRANSACTION | |
| control field | 20260227111321.0 |
| 008 - FIXED-LENGTH DATA ELEMENTS--GENERAL INFORMATION | |
| fixed length control field | 750505s1917 oncbf b 000 0 eng |
| 010 ## - LIBRARY OF CONGRESS CONTROL NUMBER | |
| LC control number | gs 17000334 |
| 035 ## - SYSTEM CONTROL NUMBER | |
| System control number | (OCoLC)1312635 |
| 040 ## - CATALOGING SOURCE | |
| Original cataloging agency | DLC |
| Transcribing agency | NhD |
| Modifying agency | DLC |
| 042 ## - AUTHENTICATION CODE | |
| Authentication code | premarc |
| 050 00 - LIBRARY OF CONGRESS CALL NUMBER | |
| Classification number | TN26 |
| Item number | .A35 no. 14 |
| 051 ## - LIBRARY OF CONGRESS COPY, ISSUE, OFFPRINT STATEMENT | |
| Classification number | TN806.C2 |
| Item number | G6 |
| Copy information | Copy 2. |
| 100 1# - MAIN ENTRY--PERSONAL NAME | |
| Personal name | Gray, Francis W. |
| 245 04 - TITLE STATEMENT | |
| Title | The coal-fields and coal industry of eastern Canada, |
| Remainder of title | a general survey and description, |
| Statement of responsibility, etc. | by Francis W. Gray. |
| 260 ## - PUBLICATION, DISTRIBUTION, ETC. | |
| Place of publication, distribution, etc. | Ottawa, |
| Name of publisher, distributor, etc. | Government printing bureau, |
| Date of publication, distribution, etc. | 1917. |
| 300 ## - PHYSICAL DESCRIPTION | |
| Extent | 4 p.l., 67 p. |
| Other physical details | XXVI pl. (part fold.) map (in pocket) |
| Dimensions | 25 cm. |
| 490 0# - SERIES STATEMENT | |
| Series statement | Canada. Dept. of mines. Mines branch. Bulletin |
| Volume/sequential designation | no. 14 |
| 504 ## - BIBLIOGRAPHY, ETC. NOTE | |
| Bibliography, etc. note | Bibliography: p. 55-60. |
| 650 #0 - SUBJECT ADDED ENTRY--TOPICAL TERM | |
| Topical term or geographic name entry element | Coal mines and mining |
| Geographic subdivision | Canada. |
No items available.